Catálogo

English-medium : (Registro nro. 40246)

Detalles MARC
000 -LEADER
fixed length control field 01228cam a2200301 i 4500
001 - CONTROL NUMBER
control field 40246
003 - CONTROL NUMBER IDENTIFIER
control field Mx-PuUPA
005 - DATE AND TIME OF LATEST TRANSACTION
control field 20220611133516.0
008 - FIXED-LENGTH DATA ELEMENTS--GENERAL INFORMATION
fixed length control field 140415s2019 nyua fr 000 0 spa d
020 ## - INTERNATIONAL STANDARD BOOK NUMBER
International Standard Book Number 9780815395171
Qualifying information rústica
040 ## - CATALOGING SOURCE
Original cataloging agency Mx-PuUPA
Language of cataloging spa
Transcribing agency Mx-PuUPA
Modifying agency Mx-PuUPA
Description conventions rda
041 0# - LANGUAGE CODE
Language code of text/sound track or separate title eng
245 10 - TITLE STATEMENT
Title English-medium :
Remainder of title instruction from an english as a lingua franca perspective exploring the higher education context /
Statement of responsibility, etc. edited by Kumiko Murata
264 #1 - PRODUCTION, PUBLICATION, DISTRIBUTION, MANUFACTURE, AND COPYRIGHT NOTICE
Place of production, publication, distribution, manufacture New York, NY :
Name of producer, publisher, distributor, manufacturer Routledge,
Date of production, publication, distribution, manufacture, or copyright notice ©2019
300 ## - PHYSICAL DESCRIPTION
Extent xii, 289 páginas :
Other physical details ilustraciones ;
Dimensions 24 cm
336 ## - CONTENT TYPE
Fuente rdacontent
Content type term texto
Content type code txt
337 ## - MEDIA TYPE
Source rdamedia
Media type term sin medio
Media type code n
338 ## - CARRIER TYPE
Source rdacarrier
Carrier type term volumen
Carrier type code nc
500 ## - GENERAL NOTE
General note Routledge research in language education.-- Cubierta
650 #7 - SUBJECT ADDED ENTRY--TOPICAL TERM
Topical term or geographic name entry element Inglés
General subdivision Estudio y enseñanza (Superior)
-- Estudiantes extranjeros
Source of heading or term armarc
650 #7 - SUBJECT ADDED ENTRY--TOPICAL TERM
Topical term or geographic name entry element Inglés
General subdivision Estudio y enseñanza (Superior)
-- Países extranjeros
Source of heading or term armarc
650 #7 - SUBJECT ADDED ENTRY--TOPICAL TERM
Topical term or geographic name entry element Inglés
General subdivision Globalización
Source of heading or term armarc
700 1# - ADDED ENTRY--PERSONAL NAME
Personal name Murata, Kumiko,
Dates associated with a name 1952-
Relator term editor
9 (RLIN) 12740
942 ## - ADDED ENTRY ELEMENTS (KOHA)
Source of classification or shelving scheme Dewey Decimal Classification
Koha item type Libro
Classification part 42800711
Item part E57
Existencias
Withdrawn status Lost status Source of classification or shelving scheme Damaged status Not for loan Collection code Home library Current library Shelving location Date acquired Source of acquisition Total Checkouts Full call number Barcode Checked out Date last seen Date last checked out Price effective from Koha item type
    Dewey Decimal Classification     Magisterial Biblioteca Karol Wojtyla Biblioteca Karol Wojtyla Módulo de circulación 03/12/2013 Compra 4 428.00711 E57 2019 60476 03/06/2027 03/06/2026 03/06/2026 03/12/2013 Magisterial